000 00670nam a22002177a 4500
999 _c12072
_d12072
003 AR-CdUCM
008 190405b ||||| |||| 00| 0 spa d
040 _aMUNICIPALIDAD PROVINCIAL DEL CUSCO
_cBIBLIOTECA MUNICIPAL DEL CUSCO
082 _aC / 869.56 /
_bC35
100 _aCastro, Arturo
_929744
245 _aSustancia del sollozo y la esperanza /
260 _aSicuani :
_bTall. Graf. La Verdad,
_c1946.
300 _a37 páginas ;
_c20 cm.
505 _aContenido: Poemas.
650 _aLiteratura Peruana
_9132
650 _aPoemas Cusqueños
_917375
650 _aSiglo XX
_98
650 _aSicuani
_929745
942 _2ddc
_cLIBROS
945 _aachl
_d2019-04-05